000 00692nam a2200181Ia 4500
008 090124s9999 xx 000 0 und d
082 _b24531
_a3082
100 _aरानडे एकनाथजी
245 _a तुळशी मंजिऱ्या (साहित्य समीक्षा)
250 _a1
260 _c1984
300 _a141
600 _aरानडे एकनाथजी
630 _a तुळशी मंजिऱ्या (साहित्य समीक्षा)
700 _aरानडे एकनाथजी
730 _a तुळशी मंजिऱ्या (साहित्य समीक्षा)
942 _cBOOK
999 _c138087
_d138087